000 00412nam a2200181Ia 4500
005 20251031091336.0
020 _a9788182813854
050 _aHD 82 .J49/
100 _aJhingan, M. L.
245 4 _aThe economics of development and planning
250 _a40th ed.
260 _aNew Delhi
260 _bVrinda Pub.
260 _c2011
300 _a689 p
650 _aEconomic Planning
942 _cBK
_2lcc
999 _c43955
_d43955